000 00788nam a2200253 a 4500
001 46925
003 BD-RjUL
005 20211209054230.0
008 160806s19671965nyu b 000 0 eng
035 _a(BD-RjUL)47044
040 _aDLC
_cDLC
_dBD-RjUL
_beng
041 _aeng
082 0 0 _a307.76
_223
_bHAS 1967
245 1 4 _aThe study of urbanization /
_cedited by Philip M. Hauser [and] Leo F. Schnore.
260 _aNew York :
_bJohn Wiley & sons,
_cc1965 [printing 1967]
300 _aviii, 554 p. ;
_c24 cm.
504 _aIncludes bibliographical references.
650 0 _aUrbanization.
_9142940
650 0 _aCities and towns
_xGrowth.
_9134791
700 1 _aHauser, Philip Morris
_9172704
700 1 _aSchnore, Leo Francis
_9172705
942 _2ddc
_cBK
999 _c46925
_d46925